| 000 | 00397 a2200169 4500 | ||
|---|---|---|---|
| 001 | 066385 | ||
| 003 | OSt | ||
| 005 | 20210927145402.0 | ||
| 008 | |||
| 082 |
_a303.3 _bG83F |
||
| 100 | 1 | _aGreene, Robert | |
| 245 | 1 |
_aThe 50th Law of Power _cby Robert Greene |
|
| 260 |
_aNew Delhi _bViva Books _c2010 |
||
| 300 | _a291p. | ||
| 690 | _aEnglish | ||
| 942 |
_2ddc _cBK |
||
| 999 |
_c443 _d443 |
||